Statistics for Generator Dash #18

Click here to take the quiz!

General Stats

  • This quiz has been taken 67 times
  • The average score is 8 of 11

Answer Stats

Hint Answer % Correct
Poke with a pin (5)Prick
93%
Bird sound (5)Chirp
80%
Trim a photo (4)Crop
79%
Lose one's footing (4)Trip
77%
Vision-related (5)Optic
75%
Karate move (4)Chop
71%
Veranda, stoop (5)Porch
71%
9-Letter WordPITCHFORK
66%
Monetary gain (6)Profit
55%
Latitude line (6)Tropic
55%
Berth place (4)Port
46%

Score Distribution

Percentile by Number Answered

Percent of People with Each Score

Your Score History

You have not taken this quiz